000 00268nam a22001217a 4500
008 171002b xxu||||| |||| 00| 0 eng d
041 _aeng
080 _29TH
_a37
100 _a47
101 _aEDU
245 _aCOMMUNICATING IN SMALL GROUPS
_cBEEBE
942 _2udc
_cBK
999 _c31091
_d31091